000 00271nam a22001217a 4500
008 170821b xxu||||| |||| 00| 0 eng d
041 _aeng
080 _a51
100 _a37
101 _aMAT
245 _aMATHEMATICS A HUMAN ENDEAVOR
_cJACOBS.H.R
942 _2udc
_cBK
999 _c24315
_d24315